| 000 | 00971nam2a22002651 4500 | ||
|---|---|---|---|
| 001 | RU\NLR\INFOCOMM15\1000133837 | ||
| 005 | 20250617121635.0 | ||
| 035 | _a(NLR Aleph) 002595530 | ||
| 090 |
_a3397490 _c3397490 |
||
| 100 | _a20040615d1993 |||y0rusy50 ca | ||
| 101 | 0 | _arus | |
| 102 | _aRU | ||
| 105 | _ay ||||||||| | ||
| 200 | 0 | _a1993, №10 | |
| 210 |
_d1993 _aБ. м. |
||
| 225 | 1 |
_a... _v1993, №10 _i... _vВып.2 |
|
| 461 | 0 |
_1001RU\NLR\INFOCOMM4\1000560106 _12001#$aМедицинский вестник$v1993, №10 _92792341 _cЧелябинск _d1993- _tМедицинский вестник _v1993, №10 |
|
| 462 | 0 |
_1001RU\NLR\INFOCOMM15\1000133835 _12001#$aПедиатрия$vВып.2 _93397473 _cЧелябинск _d1993- _tМедицинский вестник. - Педиатрия _vВып.2 |
|
| 801 | 1 |
_aRU _bInfoComm _c20040615 |
|
| 801 | 0 |
_aRU _bNLR _gPSBO |
|
| 852 |
_aNLR _jП16/1693 |
||
| 942 | _cISSUE | ||
| 980 | _aNB | ||
| 980 | _aRUSPER | ||